000 005410000a22001810004500
003 MACL
005 20160316152850.0
008 160316b xxu||||| |||| 00| 0 eng d
040 _aMACL
_cMACL
041 _aHindi
082 _a920
100 _aहृदय श्री व्‍यथित
_946637
245 _aदेशभक्‍त शहीदों की गाथाएं
260 _bकिताबघर
_c1981
_aनई दिल्‍ली
350 _a15
650 _aBiography
_946638
942 _cHIN
_k920
_2ddc
999 _c28006
_d28006